MARC details
| 000 -BAŞLIK |
| Sabit Uzunluktaki Kontrol Alanı |
01558nam a22004217a 4500 |
| 001 - KONTROL NUMARASI |
| Control Dosyası |
0027499 |
| 003 - KONTROL NUMARASI KİMLİĞİ |
| Kontrol Alanı |
KOHA_MİRAKIL |
| 005 - EN SON İŞLEM TARİHİ ve ZAMANI |
| Kontrol Alanı |
20260207002559.0 |
| 007 - FİZİKSEL TANIM SABİT ALAN - GENEL BİLGİ |
| Sabit uzunluklu kontrol alanı |
ta |
| 008 - SABİT UZUNLUKTAKİ VERİ ÖGELERİ - GENEL BİLGİ |
| Sabit Alan |
110215b2005 tu |||gr||||#||||0|tur | |
| 020 ## - ISBN - ULUSLARARASI STANDART KİTAP NUMARASI |
| Isbn |
9753893345 |
| 040 ## - KATALOGLAMA KAYNAĞI |
| Özgün Kataloglama Kurumu |
TR-BiSEU |
| Kataloglama Dili |
tur |
| Çeviri Kurumu |
TR-BiSEU |
| Açıklama Kuralları |
rda |
| 041 0# - DİL KODU |
| Metin ya da ses kaydının dil kodu |
tur |
| 044 ## - YAYINLAYAN/ÜRETEN KURULUŞUN ÜLKE KODU |
| ISO country code |
tu |
| 050 ## - SINIFLAMA ve YER NUMARASI |
| Sınıflama Numarası |
BP44 |
| Yer Numarası |
.G46 2005 |
| 245 0# - ESER ADI BİLDİRİMİ |
| Başlık |
Gençlik ve din : |
| Alt Eseradı vb. |
(TDV Kadın kolları konferans ve panelleri, 1996-1997). |
| 246 ## - DEĞİŞİK BAŞLIK FORMU |
| Başlık uygun / kısa başlık |
Gençlik ve Din (1996-1997 : Ankara) |
| 264 #1 - ÜRERİM, YAYIN, DAĞITIM ve TELİF BİLDİRİMİ |
| Yayın yeri |
Ankara : |
| Yayınlayan |
Türkiye Diyanet Vakfı Yayınları |
| Yayın tarihi |
2005 |
| 300 ## - FİZİKSEL TANIMLAMA |
| Sayfa, Cilt vb. |
258 s. ; |
| Boyutları |
24 cm. |
| 336 ## - İÇERİK TÜRÜ |
| Content type term |
metin |
| Content type code |
txt |
| Source |
rdacontent |
| 337 ## - MEDYA TÜRÜ |
| Media type term |
aracısız |
| Media type code |
n |
| Source |
rdamedia |
| 338 ## - TAŞIYICI TÜRÜ |
| Carrier type term |
cilt |
| Carrier type code |
nc |
| Source |
rdacarrier |
| 490 1# - DİZİ BİLDİRİMİ |
| Dizi Bildirimi |
Türkiye Diyanet Vakfı yayınları ; |
| Cilt Numarası |
287. |
| 490 1# - DİZİ BİLDİRİMİ |
| Dizi Bildirimi |
Sempozyumlar paneller serisi ; |
| Cilt Numarası |
26 |
| 650 #0 - KONU BAŞLIĞI EK GİRİŞ - KONU TERİMİ |
| Konusal terim veya coğrafi ad |
Gençlik--Dini yaşam--Kongreler. |
| 9 (RLIN) |
54534 |
| 650 #0 - KONU BAŞLIĞI EK GİRİŞ - KONU TERİMİ |
| Konusal terim veya coğrafi ad |
Youth--Religious life--Congresses. |
| 9 (RLIN) |
54535 |
| 650 #0 - KONU BAŞLIĞI EK GİRİŞ - KONU TERİMİ |
| Konusal terim veya coğrafi ad |
Gençlik--Dini yaşam--Türkiye--Kongreler. |
| 9 (RLIN) |
54536 |
| 650 #0 - KONU BAŞLIĞI EK GİRİŞ - KONU TERİMİ |
| Konusal terim veya coğrafi ad |
Youth--Religious life--Turkey--Congresses. |
| 9 (RLIN) |
54537 |
| 650 #0 - KONU BAŞLIĞI EK GİRİŞ - KONU TERİMİ |
| Konusal terim veya coğrafi ad |
İslam dini eğitimi--Türkiye--Kongreler. |
| 9 (RLIN) |
18316 |
| 650 #0 - KONU BAŞLIĞI EK GİRİŞ - KONU TERİMİ |
| Konusal terim veya coğrafi ad |
Islamic religious education--Turkey--Congresses. |
| 9 (RLIN) |
41012 |
| 650 #0 - KONU BAŞLIĞI EK GİRİŞ - KONU TERİMİ |
| Konusal terim veya coğrafi ad |
Türkiye--Din--Kongreler. |
| 9 (RLIN) |
54538 |
| 650 #0 - KONU BAŞLIĞI EK GİRİŞ - KONU TERİMİ |
| Konusal terim veya coğrafi ad |
Turkey--Religion--Congresses. |
| 9 (RLIN) |
54539 |
| 650 #0 - KONU BAŞLIĞI EK GİRİŞ - KONU TERİMİ |
| Konusal terim veya coğrafi ad |
İslamiyet--Türkiye--Kongreler. |
| 9 (RLIN) |
54540 |
| 650 #0 - KONU BAŞLIĞI EK GİRİŞ - KONU TERİMİ |
| Konusal terim veya coğrafi ad |
Islam--Turkey--Congresses. |
| 9 (RLIN) |
54541 |
| 830 1# - SERİ EK GİRİŞİ - TEKBİÇİM ESER ADI |
| Tekbiçim Başlık |
Türkiye Diyanet Vakfı yayınları ; |
| Volume number/sequential designation |
287. |
| 9 (RLIN) |
30290 |
| 830 1# - SERİ EK GİRİŞİ - TEKBİÇİM ESER ADI |
| Tekbiçim Başlık |
Sempozyumlar paneller serisi ; |
| Volume number/sequential designation |
26 |
| 9 (RLIN) |
54542 |
| 942 ## - EK GİRİŞ ÖGELERİ (KOHA) |
| Source of classification or shelving scheme |
Library of Congress Classification |
| Koha item type |
Book |